ბათუმის შოთა რუსთაველის სახელმწიფო უნივერსიტეტის ბიბლიოთეკა

არასდროს!: ლექსები.სატირა (ბიბ.ჩანაწერი № 41766)

000 -LEADER
fixed length control field 00647nam a2200205Ia 4500
001 - CONTROL NUMBER
control field 8447
003 - CONTROL NUMBER IDENTIFIER
control field GE_BSU
008 - FIXED-LENGTH DATA ELEMENTS--GENERAL INFORMATION
fixed length control field 181216s||||||||xx |||||||||||||| ||und||
040 ## - CATALOGING SOURCE
Transcribing agency GE_BSU
080 ## - UNIVERSAL DECIMAL CLASSIFICATION NUMBER
Universal Decimal Classification number 821.353.1-7
100 ## - MAIN ENTRY--PERSONAL NAME
Personal name ეული, სანდრო
245 ## - TITLE STATEMENT
Title არასდროს!: ლექსები.სატირა
245 ## - TITLE STATEMENT
Statement of responsibility, etc. რედ.: ვ. გავაშელაშვილი
260 ## - PUBLICATION, DISTRIBUTION, ETC.
Place of publication, distribution, etc. თბილისი.
260 ## - PUBLICATION, DISTRIBUTION, ETC.
Name of publisher, distributor, etc. ფედერაცია.
260 ## - PUBLICATION, DISTRIBUTION, ETC.
Date of publication, distribution, etc. 1942
300 ## - PHYSICAL DESCRIPTION
Extent 64 გვ; 14 სმ.
653 ## - INDEX TERM--UNCONTROLLED
Uncontrolled term არასდროს!: ლექსები.სატირა
942 ## - ADDED ENTRY ELEMENTS (KOHA)
Koha item type წიგნი
ეგზემპლარები
Withdrawn status Lost status Damaged status Not for loan Date acquired Barcode Date last seen Price effective from Koha item type
        2018-12-17 30590 2018-12-17 2018-12-17 წიგნი
        2018-12-17 30591 2018-12-17 2018-12-17 წიგნი
        2018-12-17 30592 2018-12-17 2018-12-17 წიგნი
        2018-12-17 30593 2018-12-17 2018-12-17 წიგნი